000 02994njm0a2200493 4500
001 RU\NLR\ONIZ\307723
005 20250715170216.0
035 _a(NLR Aleph) 022579829
071 0 0 _aR10 00693-4
090 _a13449480
_c13449480
100 _a20240327d1991 |||y0rusy50 ca
102 _aRU
126 _aabbxexu ux
_bxxx
127 _a004216
145 0 _ab
200 1 _aГарольд в Италии
_bЗвукозапись
_eсимфония для большого симфонического оркестра с солирующим альтом по поэме Дж. Байрона
_fГ. Берлиоз
_gисполняют: Ю. Башмет, [скрипка], Большой симфонический оркестр Гостелерадио СССР, дирижер Владимир Федосеев
203 _aМузыка
_bисполнительская
_cаудио
210 _aМосква
_cRussian Disc
_d1991
215 _a1 грп. (ок. 43 мин) : 33 об/мин, стерео
_d30 см, в конв.
300 _aЗапись 1989 г.
300 _aНа конв. коммент. И. Соллертинского
604 _1700#1$aБайрон$bД. Г.$gДжордж Гордон$f1788-1824
_150010$aПаломничество Чайльд-Гарольда$xМузыкальные интерпретации$xЗвукозапись
606 1 _aСимфонии для альта с оркестром
_yФранция
_z19-20 вв.
_jЗвукозапись
_2nlr_sh
606 1 _aАльтисты советские российские
_z20-21 вв.
_jЗвукозапись
_2nlr_sh
606 1 _aДирижёры советские российские
_z20-21 вв.
_jЗвукозапись
_2nlr_sh
606 1 _aОркестры симфонические советские и российские
_z20-21 вв.
_jЗвукозапись
_2nlr_sh
686 0 _aЩ955.5-040(4Фр)
700 1 _9z01790
_aБерлиоз
_bГ. (Л.- Э.)
_f1803-1869
_gГектор (Луи-Эктор)
_4230
_7ca
702 1 _9z03790
_aБашмет
_bЮ.А.
_cальт
_f1953-
_gЮрий Абрамович
_4545
_4val
_7ca
702 1 _9z04790
_aФедосеев
_bВ.И.
_f1932-
_gВладимир Иванович
_4250
_7ca
702 1 _9z05790
_aСоллертинский
_bИ. И.
_f1902-1944
_gИван Иванович
_4675
_7ca
712 0 2 _aБольшой симфонический оркестр Гостелерадио СССР
_4590
_7ca
790 1 _9z01700
_aBerlioz
_bH.
_f1803-1869
_gLouis-Hector
_4230
_7ba
790 1 _9z03702
_aBašmet
_bJ.
_cviola
_f1953-
_gJurij
_4545
_4val
_7ba
790 1 _9z04702
_aFedoseev
_bV. I.
_cconductor
_f1932-
_gVladimir Ivanovič
_4250
_7ba
790 1 _9z05702
_aSollertinskij
_bI. I.
_f1902-1944
_gIvan Ivanovič
_4675
_7ba
801 0 _aRU
_bNLR
_c20240327
_gPSBO
801 1 _aRU
_bNLR
_c20240327
_2rusmarc
801 2 _aRU
_bNLR
_c20250630
852 _aNLR
_bМг
_j3/10316
_p44421
_t1
942 _cREC
980 _aNB
980 _aONIZ